000 01161nam a22002537a 4500
999 _c120232
_d120232
005 20190119123737.0
010 _aB-235856
020 _c125.00
_a8177831275
035 _aB-235856 B-235877, B-235869
037 _bCen Lib/Ret
082 _a821
_bरामप्र
100 _aरामप्रसाद
245 _aमन की लहर :
_cरामप्रसाद ; संपादन मदनलाल वर्मा
_bकवितायेँ /
246 _aMan ki leher : kavitayen /
_bby Ramprasad ; sampadan Madanlal Varma
260 _aनई दिल्ली
_bप्रवीण प्रकाशन
_c2006
270 _bनई दिल्ली
_a4760-61, द्वितीय ताल, अंसारी रोड, दरियागंज
_e110002
300 _a100पृ.
_c20सेमी(सजिल्द)
650 _aहिन्दी -- साहित्य
650 _aहिन्दी -- काव्य
650 _aHindi literature
650 _aHindi - Poetry
700 _aवर्मा, मदनलाल
_989274
942 _2ddc
_cHN
_h821
_mरामप्र